MARC

LEADER 00000nam0a2200000 4500
001 296676
005 20231102000930.0
020 |a RU  |b 84-33638 
035 |a (RuTPU)RU\TPU\book\321784 
090 |a 296676 
100 |a 20150602d1984 m y0rusy5003 ca 
101 0 |a rus 
102 |a RU 
105 |a a z 001zy 
200 1 |a Экономическая кибернетика  |e учебное пособие  |f С. Р. Гидрович, А. Н. Петров  |g Ленинградский финансово-экономический институт им. Н. А. Вознесенского (ЛФЭИ) 
210 |a Ленинград  |c Изд-во ЛФЭИ  |d 1984 
215 |a 80 с.  |c ил. 
320 |a Библиогр.: с. 76-77 
606 1 |a Экономическая кибернетика  |2 stltpush  |3 (RuTPU)RU\TPU\subj\37391  |9 58402 
610 1 |a кибернетика 
610 1 |a исследования 
610 1 |a учебные пособия 
686 |a Ув635я73  |2 rubbk 
700 1 |a Гидрович  |b С. Р.  |g Светлана Романовна 
701 1 |a Петров  |b А. Н. 
712 0 2 |a Ленинградский финансово-экономический институт им. Н. А. Вознесенского (ЛФЭИ)  |c (1930-1991)  |2 stltpush  |3 (RuTPU)RU\TPU\col\5601 
801 0 |a RU  |b RuMRKP  |c 19950704  |g psbo 
801 1 |a RU  |b 63413507  |c 20150602 
801 2 |a RU  |b 63413507  |c 20220826  |g RCR 
942 |c BK